LEADER 01309nam a2200289 i 4500 001 000000253343 003 CaOOAMICUS 005 20170320000000.0 008 170320s1978 it u000 u ita u 013 $a232248 040 $aSeMil$bita 100 0 $aIoannes Paulus II,$c.$0(OLS)http://semarc/name/646 245 13$aLa bottega dell'orafo :$bmeditazioni sul sacramento del matrimonio che assumono a volte la forma d'un dramma /$cKarol Wojtyla ; traduzione di Renzo Panzone ... [et al.]. 260 $aRoma :$bLogos,$c1978. 300 $a105 p. ;$c21 cm. 490 0 $aBiblioteca universale cristiana ;$v23 700 1 $aPanzone, Renzo.$0(OLS)http://semarc/name/32929 830 0$aBUC : Biblioteca universale cristiana ;$v23.$0(OLS)http://semarc/title/35880 850 $aSeMil 852 $aSeMil$W1$xVenegono$y1$m1V II 314$j203689$B203689$CSeMilBibl$Z2$F217946 $81 900 1 $aWojtyla, Karol,$d<1920-2005>. 900 0 $aGiovanni Paolo II$c. 961 $aRecupero: Altro 996 $6245$aLa bottega dell'orafo :$bmeditazioni sul sacramento del matrimonio che assumono a volte la forma d'un dramma$9(OLS)http://semarc/title/410513 996 $6260$aRoma :$bLogos$9(OLS)http://semarc/publisher/31609 LEADER 01757nam a2200313 4500 001 000000337399 003 CaOOAMICUS 005 20230110101710.0 008 191022s1684 ne 000 u lat r 026 $ai-mo o-i- m.o- cono (3) 1684 (R) 040 $aSeMil$bita 100 11$aCharlas, Antoine,$d<1634-1698>.$0(OLS)http://semarc/name/110380 245 00$aTractatus de libertatibus ecclesiae Gallicanae, continens amplam discussionem declarationis factae ab illustrissimis archiepiscopis, & episcopis, Parisiis mandato regio congregatis, anno 1682. ... Autore M. C. S. theol. doctore. 264 1$aLeodii :$bApud Matthiam Hovium,$c1684. 300 $a[32], 615, [2], 616-820, [16] p. ;$c4° 500 $aSegn.:*? *?? 2*-3*? A-4G? 4H?(-4H4) ?² 4I-5K? 5L² 5M-5N? (Il bifolio ? segnato 4H4.5) 500 $aCors. ; rom. 500 $aIniziali e finalini xilogr. 500 $aVignetta xilogr. su front. stampato in rosso e nero 500 $aPer l'autore, Antoine Charlas, cfr. Sudoc 650 4$aChiesa Gallicana.$0(OLS)http://semarc/subject/4357 650 4$aGallicanesimo.$0(OLS)http://semarc/subject/28697 700 0 $aHovius, Matthias,$eeditore.$0(OLS)http://semarc/name/110381 752 $aBE$dLiegi 850 $aSeMil 852 $aSeMil$W1$xVenegono$y1$m3X V 22 FA$j217028$B229065$CSeMilBibl$Z2$F229065 $8I 996 $6245$aTractatus de libertatibus ecclesiae Gallicanae, continens amplam discussionem declarationis factae ab illustrissimis archiepiscopis, & episcopis, Parisiis mandato regio congregatis, anno 1682. ... Autore M. C. S. theol. doctore$9(OLS)http://semarc/title/426391 996 $6264$aLeodii :$bApud Matthiam Hovium$9(OLS)http://semarc/publisher/58634